[Event "We LauttSSK 2021"]
[Site "?"]
[Date "2021.10.30"]
[Round "1"]
[White "Maki, Juha"]
[Black "Jarvenpaa, Jari"]
[Result "0-1"]
[WhiteElo "2026"]
[BlackElo "2296"]
[PlyCount "118"]
[EventDate "2021.??.??"]
[SourceDate "2021.11.06"]
[SourceVersionDate "2021.11.06"]

1. d4 d5 2. Bf4 Nf6 3. e3 c5 4. Nd2 Qb6 5. dxc5 Qxb2 6. Rb1 Qa3 7. Bb5+ Nc6 8.
Ngf3 a6 9. Bd3 e6 10. Ne5 Bxc5 11. O-O O-O 12. g4 Bd6 13. Ndc4 Qc5 14. Nxd6
Qxd6 15. Nxf7 Qe7 16. Ne5 Nxe5 17. Bxe5 Nd7 18. Bg3 Nc5 19. Be5 Bd7 20. Be2 b5
21. Qd4 Rac8 22. Qb4 Rc6 23. a4 bxa4 24. c4 Qf7 25. f3 Rfc8 26. Rfd1 Kh8 27.
Rd4 a5 28. Qa3 Qg6 29. Rb5 dxc4 30. Rxc4 Nb3 31. Rxc6 Bxc6 32. Rb6 Qf7 33. e4
Qa7 34. Kg2 Qd7 35. Ba6 Re8 36. Rb8 Rxb8 37. Bxb8 Kg8 38. Bf4 Kf7 39. Bc4 Qe7
40. Bd6 Qe8 41. Bf4 Qe7 42. Bd6 Qb7 43. Bd3 Bb5 44. Bc2 Bc4 45. Qb2 Qb5 46. Qc3
h5 47. Qe3 Kg8 48. g5 Bf1+ 49. Kg3 Qe2 50. Qxe2 Bxe2 51. g6 Bxf3 52. Kf4 Be2
53. h4 Bb5 54. Ke5 Be8 55. Bd3 Bxg6 56. Kxe6 Nd2 57. Kd5 Nf3 58. Bb5 Bf7+ 59.
Kc5 a3 0-1

[Event "We LauttSSK 2021"]
[Site "?"]
[Date "2021.10.30"]
[Round "2"]
[White "Jarvenpaa, Jari"]
[Black "Vyskubov, Dmitry"]
[Result "1-0"]
[WhiteElo "2296"]
[BlackElo "2003"]
[PlyCount "81"]
[EventDate "2021.??.??"]
[SourceDate "2021.11.06"]
[SourceVersionDate "2021.11.06"]

1. c4 c5 2. g3 Nc6 3. Bg2 Nf6 4. Nc3 g6 5. Nf3 Bg7 6. d4 cxd4 7. Nxd4 O-O 8.
O-O Nxd4 9. Qxd4 d6 10. Rd1 Ng4 11. Qd2 Qb6 12. e3 Be6 13. b3 Ne5 14. Bb2 Bg4
15. Nd5 Qd8 16. Re1 Nf3+ 17. Bxf3 Bxf3 18. Bxg7 Kxg7 19. e4 Bg4 20. Qg5 h5 21.
Qxe7 Qxe7 22. Nxe7 h4 23. Nd5 Rac8 24. Re3 Rfe8 25. Nc3 a6 26. gxh4 Rh8 27. f3
Be6 28. Rd1 Rcd8 29. Red3 Rxh4 30. Rxd6 Rdh8 31. R6d2 Rf4 32. Rf2 Rh3 33. Rdf1
Rfh4 34. Ne2 Kf6 35. Ng3 Ke7 36. f4 f5 37. exf5 gxf5 38. Re1 Kf7 39. Rfe2 Rh6
40. Re5 Rg6 41. Rc5 1-0

[Event "We LauttSSK 2021"]
[Site "?"]
[Date "2021.10.30"]
[Round "2"]
[White "Arstila, Petteri"]
[Black "Maki, Juha"]
[Result "1-0"]
[WhiteElo "2115"]
[BlackElo "2026"]
[PlyCount "91"]
[EventDate "2021.??.??"]
[SourceDate "2021.11.06"]
[SourceVersionDate "2021.11.06"]

1. e4 e6 2. d4 d5 3. Nc3 Bb4 4. e5 Ne7 5. a3 Bxc3+ 6. bxc3 c5 7. Qg4 Qc7 8. Bd2
cxd4 9. cxd4 Qxc2 10. Rc1 Qg6 11. Qf3 O-O 12. Bd3 f5 13. h3 Nbc6 14. Ne2 Qf7
15. h4 Ng6 16. Bc3 Rd8 17. h5 Ngxe5 18. dxe5 d4 19. Bd2 Nxe5 20. Qg3 Nxd3+ 21.
Qxd3 e5 22. Bg5 Rd6 23. Ng3 h6 24. Bd2 Be6 25. O-O Re8 26. Rfe1 e4 27. Qb1 Rb6
28. Qa1 Qd7 29. Bf4 Bb3 30. Rc7 Qd5 31. Ne2 Rd8 32. Rec1 Rc6 33. Re7 Kf8 34.
Re5 Qd7 35. Qb2 Rxc1+ 36. Nxc1 Bf7 37. Qb4+ Kg8 38. Re7 Qd5 39. Rxb7 e3 40. Nd3
a5 41. Qe7 Re8 42. Qd7 e2 43. Bd2 Qa2 44. Be1 Rf8 45. Qxd4 Qxa3 46. Bc3 1-0

[Event "We LauttSSK 2021"]
[Site "?"]
[Date "2021.10.31"]
[Round "3"]
[White "Arstila, Petteri"]
[Black "Jarvenpaa, Jari"]
[Result "1/2-1/2"]
[WhiteElo "2115"]
[BlackElo "2296"]
[PlyCount "97"]
[EventDate "2021.??.??"]
[SourceDate "2021.11.06"]
[SourceVersionDate "2021.11.06"]

1. e4 c5 2. Nf3 Nc6 3. Bb5 e6 4. Bxc6 bxc6 5. d3 Ne7 6. b3 Ng6 7. Bb2 f6 8. h4
h5 9. Nbd2 d6 10. Nc4 Be7 11. Ne3 Bd7 12. Nd2 d5 13. Qf3 Bd6 14. O-O-O Qa5 15.
Kb1 O-O-O 16. Ndf1 Be5 17. Ng3 Be8 18. Ne2 Bxb2 19. Kxb2 Bf7 20. Qg3 Rhg8 21.
f4 c4 22. dxc4 dxe4 23. Nc3 f5 24. Qf2 Ne7 25. Rxd8+ Rxd8 26. Rd1 Rxd1 27.
Nexd1 Qb6 28. Qe3 e5 29. g3 Qxe3 30. Nxe3 exf4 31. gxf4 Be6 32. Ne2 Kd7 33. Kc3
c5 34. Ng2 Nc6 35. Ne3 Kd6 36. Ng2 Ke7 37. Ne3 Kf6 38. Ng2 Ne7 39. Ng3 Kg6 40.
a3 a5 41. Ne2 Nc6 42. Ne3 Kf7 43. Ng2 Ke7 44. Ne3 Kd6 45. Ng2 Ne7 46. Ng3 g6
47. Ne3 Ng8 48. Ne2 Ne7 49. Ng2 1/2-1/2

[Event "We LauttSSK 2021"]
[Site "?"]
[Date "2021.10.31"]
[Round "3"]
[White "Maki, Juha"]
[Black "Suominen, Antti"]
[Result "1-0"]
[WhiteElo "2026"]
[BlackElo "1948"]
[PlyCount "59"]
[EventDate "2021.??.??"]
[SourceDate "2021.11.06"]
[SourceVersionDate "2021.11.06"]

1. d4 Nf6 2. c4 g6 3. f3 d5 4. cxd5 Nxd5 5. e4 Nb6 6. Nc3 Bg7 7. Be3 O-O 8. Qd2
Nc6 9. O-O-O e5 10. d5 Ne7 11. g4 f5 12. gxf5 gxf5 13. Bh6 Qd6 14. Bxg7 Kxg7
15. Nh3 Kh8 16. Nb5 Qc5+ 17. Kb1 fxe4 18. Qh6 Bxh3 19. Rc1 Qf2 20. Bxh3 Ng8 21.
Qh5 Qxf3 22. Qxe5+ Nf6 23. Nxc7 Qd3+ 24. Ka1 Rad8 25. Ne6 Rxd5 26. Qf4 Rf7 27.
Qb8+ Ng8 28. Rhg1 Rd8 29. Nxd8 Rf8 30. Nf7+ 1-0

[Event "We LauttSSK 2021"]
[Site "?"]
[Date "2021.10.31"]
[Round "4"]
[White "Suominen, Antti"]
[Black "Arstila, Petteri"]
[Result "0-1"]
[WhiteElo "1948"]
[BlackElo "2115"]
[PlyCount "104"]
[EventDate "2021.??.??"]
[SourceDate "2021.11.06"]
[SourceVersionDate "2021.11.06"]

1. e4 e5 2. Nf3 Nc6 3. d4 exd4 4. Nxd4 Nf6 5. Nxc6 bxc6 6. e5 Qe7 7. Qe2 Nd5 8.
c4 Nb6 9. Nc3 a5 10. Qe4 Ba6 11. Bd3 Qb4 12. e6 fxe6 13. Bg5 Be7 14. Qh4 Qxb2
15. Qh5+ Kd8 16. Bxe7+ Kc8 17. O-O Qxc3 18. Rfd1 Kb8 19. Rac1 Qd4 20. Bxh7 Qf4
21. g3 Qh6 22. Qxh6 gxh6 23. Bd3 Re8 24. Bc5 d6 25. Be3 Rh8 26. Be2 c5 27. Rb1
Ka7 28. Bd2 Bxc4 29. Bxc4 Nxc4 30. Bc3 Rh7 31. Re1 e5 32. Re4 d5 33. Rh4 Rb8
34. Re1 Ka6 35. Bxe5 Re8 36. Bc3 Rxe1+ 37. Bxe1 d4 38. Kf1 Kb5 39. Ke2 Re7+ 40.
Kd1 Nb2+ 41. Kd2 Kc4 42. Rxh6 Nd3 43. h4 Rxe1 44. h5 Ra1 45. Ke2 Rxa2+ 46. Kf3
Ne1+ 47. Ke4 Re2+ 48. Kf4 Rxf2+ 49. Ke4 Re2+ 50. Kf4 d3 51. Rh7 d2 52. Rd7 Nd3+
0-1

[Event "TCh-ISL Div 1 2019-20"]
[Site "?"]
[Date "2021.05.14"]
[Round "6"]
[White "Sammalvuo, Tapani"]
[Black "Johannesson, Oliver"]
[Result "1-0"]
[WhiteElo "2408"]
[BlackElo "2238"]
[PlyCount "71"]
[EventDate "2019.10.03"]
[SourceDate "2021.11.06"]
[SourceVersionDate "2021.11.06"]

1. d4 d5 2. c4 c6 3. Nf3 Nf6 4. Nc3 dxc4 5. a4 Bf5 6. e3 e6 7. Bxc4 Bb4 8. O-O
O-O 9. Nh4 Bg4 10. f3 Bh5 11. g4 Nd5 12. Ng2 Bg6 13. Na2 Bd6 14. e4 Nb6 15. Bb3
a5 16. Be3 N8d7 17. Nc3 e5 18. dxe5 Bxe5 19. Qc2 Qe7 20. Ne2 Bd6 21. Rac1 Nd5
22. Bd4 Rad8 23. Kh1 Rfe8 24. Ng3 Bxg3 25. hxg3 N7f6 26. Qf2 Nb4 27. Rcd1 Nd7
28. Qe3 Nf8 29. Nf4 Rd7 30. Qc3 Red8 31. Bxg7 Rxd1 32. Rxd1 Rxd1+ 33. Bxd1 Nd7
34. Bd4 Qd6 35. Bb3 Nf8 36. Bh8 1-0

[Event "TCh-ISL Div 1 2019-20"]
[Site "?"]
[Date "2021.05.15"]
[Round "7"]
[White "Briem, Stephan"]
[Black "Sammalvuo, Tapani"]
[Result "0-1"]
[WhiteElo "2142"]
[BlackElo "2408"]
[PlyCount "66"]
[EventDate "2019.10.03"]
[SourceDate "2021.11.06"]
[SourceVersionDate "2021.11.06"]

1. d4 Nf6 2. c4 e6 3. Nc3 Bb4 4. e3 O-O 5. Nge2 Re8 6. a3 Bf8 7. Ng3 d5 8. Be2
b6 9. O-O c5 10. cxd5 exd5 11. Bf3 Bb7 12. Re1 Na6 13. b3 Nc7 14. Bb2 Ne6 15.
Qd2 cxd4 16. exd4 g6 17. Nf1 Bg7 18. Rad1 h5 19. h4 Ng4 20. Ne3 Qxh4 21. Nxg4
hxg4 22. Bxd5 g3 23. fxg3 Qh8 24. Re4 Bxd5 25. Nxd5 Qh5 26. Ne3 f5 27. Rh4 Qg5
28. Nc4 Qxg3 29. Rh3 Qg4 30. d5 Nf4 31. Re3 Bxb2 32. Rde1 Bd4 33. Qxd4 Qxg2#
0-1

[Event "TCh-ISL Div 1 2019-20"]
[Site "?"]
[Date "2021.05.15"]
[Round "8"]
[White "Sammalvuo, Tapani"]
[Black "Moller, Baldur"]
[Result "1-0"]
[WhiteElo "2408"]
[BlackElo "1993"]
[PlyCount "91"]
[EventDate "2019.10.03"]
[SourceDate "2021.11.06"]
[SourceVersionDate "2021.11.06"]

1. d4 d5 2. c4 e6 3. Nf3 Nf6 4. g3 c6 5. Qc2 Bd6 6. Bg2 Nbd7 7. O-O O-O 8. Nbd2
Re8 9. b3 Rb8 10. Bb2 b5 11. c5 Bc7 12. e4 Nxe4 13. Nxe4 dxe4 14. Qxe4 Nf6 15.
Qc2 Nd5 16. Rfe1 h6 17. Rad1 a5 18. h4 f5 19. Ne5 Bxe5 20. Rxe5 Bd7 21. Rde1
Ne7 22. R5e2 Ra8 23. a3 a4 24. b4 Rf8 25. Re5 Rf7 26. Qe2 Rc8 27. Bf3 Qf8 28.
Bc1 Ng6 29. Re3 f4 30. Rd3 fxg3 31. fxg3 Ne7 32. Bf4 Nf5 33. Bh5 Re7 34. Bd6
Nxd6 35. cxd6 Rf7 36. Bxf7+ Qxf7 37. Rf3 Qg6 38. Qe4 Qh5 39. Ref1 Rd8 40. Qe5
Qg6 41. Kh2 Rc8 42. h5 Qe8 43. Rf4 g5 44. hxg6 Qxg6 45. Rf6 Qg7 46. Qe4 1-0

[Event "TCh-ISL Div 1 2019-20"]
[Site "?"]
[Date "2021.05.16"]
[Round "9"]
[White "Kristinsson, Baldur"]
[Black "Sammalvuo, Tapani"]
[Result "0-1"]
[WhiteElo "2191"]
[BlackElo "2408"]
[PlyCount "72"]
[EventDate "2019.10.03"]
[SourceDate "2021.11.06"]
[SourceVersionDate "2021.11.06"]

1. c4 Nf6 2. Nf3 e6 3. g3 d5 4. Bg2 d4 5. O-O c5 6. e3 Nc6 7. exd4 cxd4 8. d3
h6 9. Re1 Bd6 10. Na3 O-O 11. Nc2 a5 12. Ncxd4 Nxd4 13. Nxd4 Bb4 14. Nc2 Bxe1
15. Nxe1 e5 16. Be3 Re8 17. h3 Bd7 18. Bxb7 Rb8 19. Bg2 Rxb2 20. Qc1 Rb8 21.
Ba7 Rc8 22. Bb7 Bxh3 23. Bxc8 Bxc8 24. Qb2 Qd7 25. Bb6 Qh3 26. f3 Qxg3+ 27. Qg2
Qf4 28. Qh2 Qf5 29. Rb1 Bb7 30. Qf2 Bc6 31. Be3 Re6 32. Kf1 Nh5 33. Ke2 Kh7 34.
Rb6 Nf4+ 35. Bxf4 Qxf4 36. Qe3 Bxf3+ 0-1

[Event "Serbia chess open 2021"]
[Site "?"]
[Date "2021.07.02"]
[Round "1"]
[White "Ronka, Erik"]
[Black "Markus, Robert"]
[Result "1/2-1/2"]
[WhiteElo "2303"]
[BlackElo "2600"]
[PlyCount "94"]
[EventDate "2021.??.??"]
[SourceDate "2021.11.06"]
[SourceVersionDate "2021.11.06"]

1. e4 Nf6 2. e5 Nd5 3. c4 Nb6 4. d4 d6 5. f4 dxe5 6. fxe5 Nc6 7. Be3 Bf5 8. Nc3
e6 9. Nf3 Bb4 10. Be2 O-O 11. O-O Na5 12. c5 Bxc3 13. bxc3 Nbc4 14. Bf2 b6 15.
cxb6 cxb6 16. Qc1 Rc8 17. Nh4 Be4 18. Qf4 Qd5 19. Rfe1 Bg6 20. Bf3 Qd7 21. d5
Rcd8 22. Nxg6 fxg6 23. Qd4 g5 24. d6 Rf4 25. Be4 Rdf8 26. Bg3 R4f7 27. Rf1 Nb2
28. Rxf7 Rxf7 29. Rf1 Rxf1+ 30. Kxf1 Na4 31. h4 gxh4 32. Bxh4 Nc5 33. Bf3 Nc6
34. Qe3 Qf7 35. Kg1 Nb8 36. Qg5 Nbd7 37. Bc6 h6 38. Qd8+ Qf8 39. Qc7 Qf4 40.
Bxd7 Qxh4 41. Bc6 Qe1+ 42. Kh2 Qxe5+ 43. Kg1 Qe3+ 44. Kh2 Qe5+ 45. Kg1 Qe1+ 46.
Kh2 Qh4+ 47. Kg1 Qe1+ 1/2-1/2

[Event "Serbia chess open 2021"]
[Site "?"]
[Date "2021.07.03"]
[Round "2"]
[White "Raja, Harshit"]
[Black "Ronka, Erik"]
[Result "1/2-1/2"]
[WhiteElo "2484"]
[BlackElo "2303"]
[PlyCount "75"]
[EventDate "2021.??.??"]
[SourceDate "2021.11.06"]
[SourceVersionDate "2021.11.06"]

1. e4 c5 2. Nf3 e6 3. d4 cxd4 4. Nxd4 Nf6 5. Nc3 d6 6. g4 h6 7. h4 Nc6 8. Rg1
d5 9. exd5 Nxd5 10. Nxd5 exd5 11. Be3 Qxh4 12. Qe2 Nxd4 13. Bxd4+ Qe7 14. O-O-O
Qxe2 15. Bxe2 Bd7 16. Bf3 Be6 17. Rge1 Kd7 18. Be3 Bd6 19. Bxd5 Bxd5 20. Rxd5
Kc6 21. Red1 Rad8 22. b4 a6 23. a4 Be7 24. b5+ axb5 25. axb5+ Kc7 26. Bf4+ Kc8
27. R5d4 Rxd4 28. Rxd4 Bd8 29. Ra4 h5 30. Ra8+ Kd7 31. Ra7 Kc8 32. c4 Re8 33.
c5 Re4 34. Bd6 hxg4 35. b6 Bg5+ 36. Kc2 Bf4 37. Kd3 Bxd6 38. Kxe4 1/2-1/2

[Event "Serbia chess open 2021"]
[Site "?"]
[Date "2021.07.03"]
[Round "3"]
[White "Ronka, Erik"]
[Black "Sedlak, Nikola"]
[Result "1/2-1/2"]
[WhiteElo "2303"]
[BlackElo "2519"]
[PlyCount "112"]
[EventDate "2021.??.??"]
[SourceDate "2021.11.06"]
[SourceVersionDate "2021.11.06"]

1. e4 c5 2. Nf3 Nc6 3. d4 cxd4 4. Nxd4 Qb6 5. Nb3 Nf6 6. Nc3 e6 7. Bd3 a6 8.
Be3 Qc7 9. f4 d6 10. Qf3 b5 11. g4 Bb7 12. O-O-O Nb4 13. Kb1 d5 14. Nd2 dxe4
15. Ndxe4 Nxd3 16. cxd3 Be7 17. Rc1 Qd7 18. Rhd1 b4 19. Ne2 O-O 20. g5 Nd5 21.
Bd4 Rfc8 22. Qg3 Qd8 23. f5 exf5 24. Qe5 Bf8 25. Qxf5 Rxc1+ 26. Rxc1 Rc8 27. h4
Rxc1+ 28. Nxc1 Bc8 29. Qe5 Bg4 30. Nb3 Nc7 31. Qg3 Qc8 32. Nbc5 Nb5 33. Be3 Bh5
34. Qf2 Qg4 35. Qe1 a5 36. Nd2 Bg6 37. Nce4 a4 38. Bc5 Qh3 39. Qe3 Qg4 40. Nf2
Qe6 41. Nde4 Bxe4 42. Nxe4 Bxc5 43. Qxc5 Qd7 44. Kc1 a3 45. bxa3 bxa3 46. Kd2
Qb7 47. h5 Qb8 48. h6 Qh2+ 49. Ke1 Nc7 50. Qxa3 gxh6 51. Qe7 hxg5 52. Kf1 Ne6
53. Nf6+ Kg7 54. Ne8+ Kg8 55. Nf6+ Kg7 56. Ne8+ Kg8 1/2-1/2

[Event "Serbia chess open 2021"]
[Site "?"]
[Date "2021.07.04"]
[Round "4"]
[White "Ronka, Erik"]
[Black "Ivanisevic, Ivan"]
[Result "1-0"]
[WhiteElo "2303"]
[BlackElo "2606"]
[PlyCount "159"]
[EventDate "2021.??.??"]
[SourceDate "2021.11.06"]
[SourceVersionDate "2021.11.06"]

1. e4 c5 2. Nf3 e6 3. d4 cxd4 4. Nxd4 Nc6 5. Nc3 Qc7 6. Be3 a6 7. Qd2 Nf6 8.
O-O-O Bb4 9. f3 O-O 10. g4 b5 11. g5 Nh5 12. Nde2 Ba5 13. Kb1 b4 14. Na4 b3 15.
c3 bxa2+ 16. Ka1 d5 17. Qc1 Rb8 18. Ng3 d4 19. cxd4 Nxg3 20. hxg3 Rd8 21. Bc4
Rb4 22. b3 Qxg3 23. f4 Rxc4 24. bxc4 Nb4 25. Bd2 Qb3 26. Bxb4 Bxb4 27. Nb2 Bc3
28. Rh2 e5 29. Rc2 Bxd4 30. Rc3 Qb4 31. fxe5 Bg4 32. Rd2 Qa5 33. Rcd3 Bxb2+ 34.
Qxb2 Re8 35. c5 h5 36. gxh6 Be6 37. Qc3 Qb5 38. Rb2 Qc6 39. Qd4 gxh6 40. Rg3+
Kh7 41. Qe3 Qd7 42. Rg1 Rg8 43. Rc1 Rg5 44. c6 Qc7 45. Qd4 Rg3 46. Qd6 Qa5 47.
Qd4 Rf3 48. Qd1 Rc3 49. Rbc2 Rb3 50. Qd4 Rb4 51. Qc3 Qb5 52. Rb2 a5 53. c7 h5
54. c8=Q Bxc8 55. Rxb4 axb4 56. Qxc8 Qxe5+ 57. Kxa2 Qxe4 58. Qc5 Qe6+ 59. Kb2
Qf6+ 60. Kb3 Qf3+ 61. Kxb4 Qb7+ 62. Ka4 Qa8+ 63. Kb3 Qb7+ 64. Kc3 Qf3+ 65. Kd2
Qg2+ 66. Kd3 Qf3+ 67. Qe3 Qd5+ 68. Ke2 Qg2+ 69. Ke1 Qh1+ 70. Kd2 Qg2+ 71. Qe2
Qg5+ 72. Kc2 Qc5+ 73. Kb1 Qf5+ 74. Qc2 Kg6 75. Rf1 Qxc2+ 76. Kxc2 Kg5 77. Rxf7
Kg4 78. Kd2 Kg3 79. Ke2 h4 80. Kf1 1-0

[Event "Serbia chess open 2021"]
[Site "?"]
[Date "2021.07.05"]
[Round "5"]
[White "Gokerkan, Cem Kaan"]
[Black "Ronka, Erik"]
[Result "1/2-1/2"]
[WhiteElo "2470"]
[BlackElo "2303"]
[PlyCount "93"]
[EventDate "2021.??.??"]
[SourceDate "2021.11.06"]
[SourceVersionDate "2021.11.06"]

1. e4 c5 2. Nf3 e6 3. d4 cxd4 4. Nxd4 Nf6 5. Nc3 d6 6. g4 h6 7. h4 Nc6 8. Rg1
d5 9. Bb5 Bd7 10. exd5 Nxd5 11. Nxd5 exd5 12. Qe2+ Be7 13. Nf5 Bxf5 14. gxf5
Kf8 15. Be3 Bf6 16. O-O-O Qd6 17. c3 Rd8 18. Rd2 Kg8 19. Rgd1 Qe5 20. Qf3 Ne7
21. Bd3 Qc7 22. Qg3 Be5 23. f4 Bf6 24. Bc2 Kh7 25. Bd4 Qc6 26. Rg2 Rhg8 27. Be5
b5 28. Qg4 Nc8 29. Qh5 d4 30. Rgd2 dxc3 31. Rxd8 Rxd8 32. Rxd8 Bxd8 33. bxc3
Kg8 34. f6 Bxf6 35. Bxf6 Qxf6 36. Qd5 Qd6 37. Qxb5 Qd8 38. f5 Qb6 39. Qd3 Qc6
40. f6 Qxf6 41. Kb1 Qb6+ 42. Ka1 Qc7 43. Qh7+ Kf8 44. Qh8+ Ke7 45. Qxg7 Qf4 46.
Qg1 Qe5 47. Kb2 1/2-1/2

[Event "Serbia chess open 2021"]
[Site "?"]
[Date "2021.07.06"]
[Round "6"]
[White "Petkidis, Anthony"]
[Black "Ronka, Erik"]
[Result "1-0"]
[WhiteElo "2401"]
[BlackElo "2303"]
[PlyCount "103"]
[EventDate "2021.??.??"]
[SourceDate "2021.11.06"]
[SourceVersionDate "2021.11.06"]

1. e4 c5 2. Nf3 e6 3. d4 cxd4 4. Nxd4 Nf6 5. Nc3 d6 6. g4 h6 7. h4 Nc6 8. Rg1
d5 9. Bb5 Bd7 10. exd5 Nxd5 11. Nxd5 exd5 12. Be3 Be7 13. Qd2 Nxd4 14. Bxd7+
Qxd7 15. Bxd4 Qe6+ 16. Qe2 Bxh4 17. Bxg7 Rh7 18. Bd4 Bg5 19. Kf1 Qxe2+ 20. Kxe2
Kd7 21. Raf1 Bf4 22. Kf3 Bc7 23. Rh1 Rg8 24. Rh5 Rg5 25. Rfh1 f6 26. Be3 Re5
27. Rxh6 Rf7 28. Rh7 Ree7 29. Rxf7 Rxf7 30. Bxa7 b6 31. Rh8 f5 32. g5 Rg7 33.
Rh6 Rxg5 34. Bxb6 Be5 35. c3 Rg1 36. Be3 Rb1 37. Rb6 Kc7 38. Rb4 Kc6 39. Rb6+
Kc7 40. Rb4 Kc6 41. Bd4 Bd6 42. Rb6+ Kc7 43. a4 Ra1 44. Ra6 Ra2 45. b4 Ra3 46.
b5 Kd7 47. Ra7+ Kc8 48. b6 Rb3 49. a5 Bb8 50. Rh7 Ra3 51. b7+ Kd8 52. Bb6+ 1-0

[Event "Serbia chess open 2021"]
[Site "?"]
[Date "2021.07.06"]
[Round "7"]
[White "Ronka, Erik"]
[Black "Schreiner, Peter"]
[Result "0-1"]
[WhiteElo "2303"]
[BlackElo "2441"]
[PlyCount "82"]
[EventDate "2021.??.??"]
[SourceDate "2021.11.06"]
[SourceVersionDate "2021.11.06"]

1. e4 e5 2. Nf3 Nc6 3. Bb5 a6 4. Ba4 d6 5. O-O Bd7 6. d4 Nxd4 7. Bxd7+ Qxd7 8.
Nxd4 exd4 9. Qxd4 Nf6 10. Nc3 Be7 11. Bg5 h6 12. Bh4 Qg4 13. Bg3 O-O 14. Rfe1
Rad8 15. Qc4 c6 16. h3 Qc8 17. Rad1 b5 18. Qe2 Rfe8 19. Qf3 Nd7 20. Ne2 Ne5 21.
Qh5 Bf8 22. Nd4 c5 23. Ne2 Nc4 24. b3 Na3 25. Rd2 Rxe4 26. Red1 Rde8 27. Kh2 c4
28. Nc3 R4e6 29. b4 a5 30. Nxb5 Re5 31. Bxe5 Rxe5 32. Qxe5 dxe5 33. Nxa3 axb4
34. Nb1 c3 35. Rd8 Qf5 36. Rb8 Qxc2 37. Nxc3 bxc3 38. Rdd8 Kh7 39. Rxf8 Qxf2
40. Rbc8 c2 41. Rc4 c1=Q 0-1

[Event "Serbia chess open 2021"]
[Site "?"]
[Date "2021.07.07"]
[Round "8"]
[White "Varshini, V."]
[Black "Ronka, Erik"]
[Result "1-0"]
[WhiteElo "2226"]
[BlackElo "2303"]
[PlyCount "85"]
[EventDate "2021.??.??"]
[SourceDate "2021.11.06"]
[SourceVersionDate "2021.11.06"]

1. e4 c5 2. Nc3 Nc6 3. Nge2 d6 4. d4 cxd4 5. Nxd4 e6 6. Be2 Nf6 7. O-O Be7 8.
Be3 O-O 9. Kh1 a6 10. f4 Bd7 11. Bf3 Qc7 12. a4 Rab8 13. Qe1 Na5 14. Qg3 Nc4
15. Bc1 b5 16. axb5 axb5 17. b3 b4 18. Nd1 Qc5 19. Qf2 Nb6 20. Be3 Qc7 21. c4
g6 22. Nb2 e5 23. Nc2 Bc8 24. Nd3 Nbd7 25. Ncxb4 Nc5 26. Nxc5 Rxb4 27. fxe5
dxe5 28. Rfd1 Qc6 29. h3 Re8 30. Rab1 Rb8 31. Rf1 Bb7 32. b4 Bxc5 33. Bxc5 Nxe4
34. Bxe4 Qxe4 35. Qxf7+ Kh8 36. Rb2 Qd3 37. Kh2 Qd8 38. Rbf2 Be4 39. b5 Rc8 40.
Qa7 Qg5 41. Be3 Qh5 42. Rf7 Bf5 43. Bg5 1-0

[Event "Serbia chess open 2021"]
[Site "?"]
[Date "2021.07.08"]
[Round "9"]
[White "Ronka, Erik"]
[Black "Stoinev, Metodi"]
[Result "1-0"]
[WhiteElo "2303"]
[BlackElo "2212"]
[PlyCount "135"]
[EventDate "2021.??.??"]
[SourceDate "2021.11.06"]
[SourceVersionDate "2021.11.06"]

1. e4 e5 2. Nf3 Nc6 3. Bb5 g6 4. c3 a6 5. Ba4 Bg7 6. d4 exd4 7. cxd4 b5 8. Bc2
d6 9. d5 Na5 10. O-O Ne7 11. Nc3 O-O 12. Nd4 Bb7 13. Bf4 Nc4 14. b3 Na3 15. Rc1
Rc8 16. Nce2 Nxc2 17. Rxc2 Re8 18. f3 Qd7 19. Qd2 Be5 20. Rd1 c5 21. dxc6 Nxc6
22. Nxc6 Bxc6 23. Rcc1 Qa7+ 24. Be3 Qa8 25. Nf4 Bb7 26. Kf2 Rxc1 27. Rxc1 Rc8
28. Rxc8+ Qxc8 29. Bd4 Qc7 30. Bxe5 dxe5 31. Nd3 Bc8 32. b4 Be6 33. Nc5 Qb6 34.
Kg3 Bc4 35. a3 Qf6 36. Nd7 Qe7 37. Kf2 Kg7 38. Nc5 a5 39. g3 axb4 40. axb4 Qa7
41. g4 Qa1 42. Qe1 Qd4+ 43. Kg3 h5 44. gxh5 gxh5 45. Kh4 Qd8+ 46. Kxh5 Qf6 47.
Qe3 Qg6+ 48. Kh4 f6 49. f4 Qh6+ 50. Kg3 Bf1 51. Kf2 exf4 52. Ne6+ Kf7 53. Qxf4
Qxf4+ 54. Nxf4 Bc4 55. Ke3 Kg7 56. Nd5 f5 57. Nb6 Be6 58. e5 Kf7 59. Na8 Bc4
60. Nc7 Ke7 61. Kd4 f4 62. Ke4 Kd7 63. Na6 Kc6 64. Kxf4 Bg8 65. Ke4 Bh7+ 66.
Kd4 Bf5 67. Nc5 Bh3 68. Ke4 1-0

[Event "Paul Keres muistoturnaus Parnu"]
[Site "?"]
[Date "2021.08.01"]
[Round "1"]
[White "Shalamberidze, Akaki"]
[Black "Valkama, Eero"]
[Result "1-0"]
[WhiteElo "2358"]
[BlackElo "2278"]
[PlyCount "67"]
[EventDate "2021.??.??"]
[SourceDate "2021.11.06"]
[SourceVersionDate "2021.11.06"]

1. Nf3 Nf6 2. c4 e6 3. d4 b6 4. e3 Bb7 5. Bd3 d5 6. O-O Bd6 7. b3 Nbd7 8. Bb2
O-O 9. Nc3 a6 10. Qe2 c5 11. Rfd1 Qe7 12. a4 Rfd8 13. a5 dxc4 14. bxc4 Rac8 15.
axb6 Nxb6 16. Na4 Nxa4 17. Rxa4 Nd7 18. Raa1 Rb8 19. d5 exd5 20. cxd5 Nb6 21.
e4 Re8 22. Qd2 f6 23. Re1 Rec8 24. Bc3 c4 25. Bc2 Bc5 26. e5 fxe5 27. Rxe5 Qc7
28. Bxh7+ Kxh7 29. Qc2+ Kg8 30. Ng5 Bxf2+ 31. Kh1 g6 32. Qxg6+ Qg7 33. Re8+
Rxe8 34. Qxg7# 1-0

[Event "Paul Keres muistoturnaus Parnu"]
[Site "?"]
[Date "2021.08.02"]
[Round "2"]
[White "Valkama, Eero"]
[Black "Vypkhaniuk, Ihor"]
[Result "0-1"]
[WhiteElo "2278"]
[BlackElo "2412"]
[PlyCount "76"]
[EventDate "2021.??.??"]
[SourceDate "2021.11.06"]
[SourceVersionDate "2021.11.06"]

1. e4 c5 2. Nf3 Nc6 3. Bb5 Nf6 4. e5 Nd5 5. Nc3 Nc7 6. Bxc6 dxc6 7. h3 Bf5 8.
O-O h6 9. Nh4 Bh7 10. f4 g5 11. Nf3 gxf4 12. d3 Ne6 13. Ne2 c4 14. d4 Qd5 15.
Nxf4 Nxf4 16. Bxf4 Qe4 17. Ne1 Rg8 18. c3 Bf5 19. Kh2 e6 20. Qd2 O-O-O 21. b4
h5 22. Rf2 c5 23. bxc5 Bxc5 24. Nc2 Qc6 25. Ne3 Be4 26. Nxc4 Kb8 27. Ne3 Bb6
28. Rc1 Ka8 29. Qe2 Bxd4 30. Rd1 Bb6 31. Rxd8+ Rxd8 32. Qxh5 Qxc3 33. Qg5 Rc8
34. Nd1 Qe1 35. Be3 Qxd1 36. Bxb6 axb6 37. Qe3 Qd5 38. Rd2 Qxe5+ 0-1

[Event "Paul Keres muistoturnaus Parnu"]
[Site "?"]
[Date "2021.08.02"]
[Round "3"]
[White "Dmitrenko, Viktor"]
[Black "Valkama, Eero"]
[Result "1-0"]
[WhiteElo "2444"]
[BlackElo "2278"]
[PlyCount "69"]
[EventDate "2021.??.??"]
[SourceDate "2021.11.06"]
[SourceVersionDate "2021.11.06"]

1. d4 Nf6 2. Nf3 e6 3. Bg5 Be7 4. Nbd2 d5 5. e3 Nbd7 6. Bd3 b6 7. c3 Bb7 8. Qb1
c5 9. O-O h6 10. Bh4 Nh5 11. Bxe7 Qxe7 12. Ne5 O-O 13. f4 Nhf6 14. Rf3 Nxe5 15.
fxe5 Nd7 16. Qe1 f6 17. Qh4 Rae8 18. exf6 Rxf6 19. Rxf6 Qxf6 20. Qg3 c4 21. Bg6
Rf8 22. Rf1 Qg5 23. Qxg5 hxg5 24. Nf3 g4 25. Ng5 Rxf1+ 26. Kxf1 e5 27. Bf5 Nf8
28. dxe5 Bc6 29. e6 g6 30. Bxg4 Kg7 31. e7 Nh7 32. Nxh7 Kxh7 33. Be6 Kg7 34.
Bxd5 Bb5 35. Kf2 1-0

[Event "Paul Keres muistoturnaus Parnu"]
[Site "?"]
[Date "2021.08.03"]
[Round "4"]
[White "Andrijashkin, Deniss"]
[Black "Valkama, Eero"]
[Result "1/2-1/2"]
[WhiteElo "2069"]
[BlackElo "2278"]
[PlyCount "129"]
[EventDate "2021.??.??"]
[SourceDate "2021.11.06"]
[SourceVersionDate "2021.11.06"]

1. e4 e5 2. Nc3 Nc6 3. g3 Bc5 4. Bg2 d6 5. Na4 Nf6 6. Nxc5 dxc5 7. d3 O-O 8.
Be3 b6 9. h3 Re8 10. Ne2 Nd4 11. O-O Bb7 12. Nxd4 cxd4 13. Bg5 h6 14. Bd2 c5
15. f4 Nd7 16. f5 Rc8 17. b3 b5 18. Qg4 Rc6 19. Qf3 c4 20. Rad1 Qf6 21. g4 Qh4
22. Be1 Qe7 23. h4 Nf8 24. Qg3 Nh7 25. Bd2 f6 26. Qe1 c3 27. Bc1 b4 28. Bf3 Rd8
29. Rf2 Ra6 30. Rg2 Rdd6 31. Qg3 Rxa2 32. Qh3 Ra1 33. Rh2 Bc6 34. Kf2 Ra2 35.
Kg1 Be8 36. Kh1 Ra1 37. Rg1 Bf7 38. Kg2 Kf8 39. Kf2 Ra2 40. Ke1 Rda6 41. g5 Ra1
42. g6 Rxc1+ 43. Kf2 Rxc2+ 44. Kg3 Rxh2 45. gxh7 Rxh3+ 46. Kxh3 Bg8 47. h8=Q
Qf7 48. Bh5 Qd7 49. Bg6 c2 50. Be8 Qe7 51. Bb5 g5 52. Bc4 Qg7 53. Qxg7+ Kxg7
54. Bxa6 Bxb3 55. hxg5 hxg5 56. Bb5 Kf7 57. Kg4 Ke7 58. Rc1 a5 59. Kf3 Kd6 60.
Ke2 Kc5 61. Bd7 a4 62. Kd2 Kd6 63. Bb5 Kc5 64. Bd7 Kd6 65. Bb5 1/2-1/2